Terorismul international: flagel al lumii contemporane

Guardado en:  
Detalles Bibliográficos
Autores principales: Popescu, Ilie (Autor) ; Rădulescu, Nicolae (Autor) ; Popescu, Nicolae (Autor)
Tipo de documento: Print Libro
Lenguaje:Rumano
Publicado: Bucuresti Ed. Ministerul Admin. Intern. 2003
En:Año: 2003
Verificar disponibilidad: HBZ Gateway
Servicio de pedido Subito: Pedir ahora.

MARC

LEADER 00000cam a2200000 c 4500
001 1612275397
003 DE-627
005 20220605144521.0
007 tu
008 040701s2003 xx ||||| 00| ||rum c
020 |a 9738307368  |9 973-8307-36-8 
035 |a (DE-627)1612275397 
035 |a (DE-576)112136796 
035 |a (DE-599)BSZ112136796 
040 |a DE-627  |b ger  |c DE-627  |e rakwb 
041 |a rum 
100 1 |a Popescu, Ilie  |4 aut 
245 1 0 |a Terorismul international  |b flagel al lumii contemporane  |c IIie Popescu; Nicolae Rădulescu; Nicolae Popescu 
264 1 |a Bucuresti  |b Ed. Ministerul Admin. Intern.  |c 2003 
300 |a 360 S. 
336 |a Text  |b txt  |2 rdacontent 
337 |a ohne Hilfsmittel zu benutzen  |b n  |2 rdamedia 
338 |a Band  |b nc  |2 rdacarrier 
583 1 |a Archivierung prüfen  |c 20200919  |f DE-640  |z 1  |2 pdager 
700 1 |a Rădulescu, Nicolae  |4 aut 
700 1 |a Popescu, Nicolae  |0 (DE-627)1232593141  |0 (DE-576)162593147  |4 aut 
935 |a mkri 
951 |a BO 
ELC |b 1 
LOK |0 000 xxxxxcx a22 zn 4500 
LOK |0 001 3166066691 
LOK |0 003 DE-627 
LOK |0 004 1612275397 
LOK |0 005 20060111104457 
LOK |0 008 040701||||||||||||||||ger||||||| 
LOK |0 040   |a DE-Frei85  |c DE-627  |d DE-Frei85 
LOK |0 852   |a DE-Frei85 
LOK |0 852 1  |m p  |9 00 
LOK |0 938   |k p 
LOK |0 939   |a 01-07-04  |b l01 
ORI |a SA-MARC-krimdoka001.raw